| 000 | 00842nam a2200253 i 4500 | ||
|---|---|---|---|
| 005 | 20260625143032.0 | ||
| 008 | 260625s2024 my o gr 000 0 may d | ||
| 020 |
_a9786299919230 _cRM49.00 _qpaperback |
||
| 040 |
_aPPAK _beng _cPPAK _erda |
||
| 082 | 0 | 4 |
_223 _a158.1 |
| 090 | 0 | 0 |
_a158.1 _bHAF _dG |
| 100 | 0 |
_aHafizul Faiz, _eauthor. |
|
| 245 | 1 | 0 |
_aTENTANG TAKDIR / _cHAFIZUL FAIZ ; Editor: Wahyuni Busyra |
| 264 | 1 |
_aKajang, Selangor : _bTentang Kita Sdn Bhd, _c[2024?] |
|
| 300 |
_a235 pages : _bphotographs ; _c19 cm |
||
| 336 |
_atext _2rdacontent |
||
| 337 |
_aunmediated _2rdamedia |
||
| 338 |
_avolume _2rdacarrier |
||
| 650 | 1 | 0 | _aSelf-actualization (Psychology) |
| 650 | 2 | 0 | _aSelf-acceptance |
| 650 | 2 | 0 | _aDevelopmental psychology and motivation |
| 700 | 0 |
_aWahyuni Busyra, _eeditor. |
|
| 942 |
_2ddc _cB |
||
| 999 |
_c204687 _d204687 |
||